Statistics for Jessica Simpson Discography

Click here to take the quiz!

General Stats

  • This quiz has been taken 8 times
  • The average score is 7 of 11

Answer Stats

TypeYearName% Correct
Album2006A Public Affair
86%
Album2008Do You Know
86%
Holiday Album2010Happy Christmas
86%
Album2003In This Skin
86%
Album1999Sweet Kisses
86%
Album2001Irresistible
71%
Compilation2010Playlist: The Very Best of Jessica Simpson
71%
Holiday Album2004ReJoyce: The Christmas Album
71%
Remix Album2002This Is the Remix
57%
Box Set2009Triple Feature
14%
Holiday Compilation2004A Special Christmas Collection
0%

Score Distribution

Percentile by Number Answered

Percent of People with Each Score

Your Score History

You have not taken this quiz